Central Library OPAC University of Rajshahi

The celibates / (Record no. 21881)

MARC details
000 -LEADER
fixed length control field 01113nam a2200313 a 4500
001 - CONTROL NUMBER
control field 21881
003 - CONTROL NUMBER IDENTIFIER
rucl marc code BD-RjUL
005 - DATE AND TIME OF LATEST TRANSACTION
control field 20250809122903.0
008 - FIXED-LENGTH DATA ELEMENTS--GENERAL INFORMATION
fixed length control field 140305s1897 enk 000 1 eng d
035 ## - SYSTEM CONTROL NUMBER
System control number (BD-RjUL)21946
040 ## - CATALOGING SOURCE
Original cataloging agency BD-RjUL
Language of cataloging eng
Transcribing agency BD-RjUL
Modifying agency BD-RjUL
041 1# - LANGUAGE CODE
Language code of text/sound track or separate title eng
Language code of original fre
082 ## - DEWEY DECIMAL CLASSIFICATION NUMBER
Classification number 843.7
Author mark and year BAC
100 1# - MAIN ENTRY--PERSONAL NAME
Personal name Balzac, Honoré de,
Dates associated with a name 1799-1850.
9 (RLIN) 67560
245 14 - TITLE STATEMENT
Title The celibates /
Statement of responsibility, etc. Honoré de Balzac
Number of part/section of a work Volume II
250 ## - EDITION STATEMENT
Edition statement Caxton ed
260 ## - PUBLICATION, DISTRIBUTION, ETC. (IMPRINT)
Place of publication, distribution, etc. London :
Name of publisher, distributor, etc. Caxton Publishing Company,
Date of publication, distribution, etc. 1897.
300 ## - PHYSICAL DESCRIPTION
Pagination 463 p., [10] leaves of plates) :
Illustrations ill. ;
Size 22 cm
490 1# - SERIES STATEMENT
Series statement The human comedy. Provincial life ;
Volume/sequential designation v. 2-3
500 ## - GENERAL NOTE
General note Translated from the French
General note "With illustrations"
General note Reference: George, Albert. Books by Balzac. (New York, 1960)
505 0# - FORMATTED CONTENTS NOTE
Formatted contents note Contents: Pierrette (dated November 1839) -- The curé de Tours (dated April 1832) -- La Rabouilleuse (dated November 1842)
650 #0 - SUBJECT ADDED ENTRY--TOPICAL TERM
Topical term or geographic name as entry element French fiction
General subdivision Translations into English
9 (RLIN) 64311
830 #0 - SERIES ADDED ENTRY--UNIFORM TITLE
Volume number/sequential designation v. 2-3
Uniform title The human comedy.
942 ## - ADDED ENTRY ELEMENTS (KOHA)
Source of classification or shelving scheme Dewey Decimal Classification
Koha item type Books
Holdings
Lost status Source of classification or shelving scheme Damaged status Not for loan Collection code Permanent Location Current Location Shelving location Date acquired Source of acquisition Cost, normal purchase price Total Checkouts Full call number Date last seen Copy number Koha item type
  Dewey Decimal Classification   Added to bundle Fiction Central Library, University of Rajshahi Central Library, University of Rajshahi Reading Room 08/11/1956 Black well 105.00   843.7 BAC V-2 1897 05/03/2014 C-1 Books
  Dewey Decimal Classification   Not For Loan Non-fiction Central Library, University of Rajshahi Central Library, University of Rajshahi Reading Room 20/11/1956 Black well co. ltd.     843.7 BAC V-1 1897 09/08/2025 C-1 Books